书目信息 |
| 题名: |
养羊技术指导
|
|
| 作者: | 范涛 | |
| 分册: | ||
| 出版信息: | 北京 金盾出版社 1986 |
|
| 页数: | 136 | |
| 开本: | 19cm | |
| 丛书名: | 全国"星火计划"丛书 | |
| 单 册: | ||
| 中图分类: | S862 | |
| 科图分类: | ||
| 主题词: | 狩猎 , 野生动物--驯养 | |
| 电子资源: | ||
| ISBN: | 7-80022-237-3 | |
| 000 | 00598nam0 2200229 450 | |
| 001 | 0741144344 | |
| 005 | 20070817112544.34 | |
| 010 | @a7-80022-237-3@d¥1.60 | |
| 100 | @a20070817d km y0chiy0120 ea | |
| 101 | 0 | @achi |
| 200 | 1 | @a养羊技术指导@Ayang yang ji shu zhi dao@f范涛@Ffan tao |
| 205 | @a2版 | |
| 210 | @a北京@c金盾出版社@d1986 | |
| 215 | @a136@d19cm | |
| 225 | 2 | @a全国"星火计划"丛书 |
| 410 | 0 | @12001 @a全国"星火计划"丛书 |
| 606 | 0 | @a狩猎 |
| 606 | 0 | @a野生动物@x驯养 |
| 690 | @aS862@v3 | |
| 701 | 0 | @a范涛@Afan tao |
| 801 | 0 | @aCN@bPFT@c20070817 |
| 905 | @a213230@dS862@en1@f1 | |
| 养羊技术指导/范涛.-2版.-北京:金盾出版社,1986 |
| 136;19cm.-(全国"星火计划"丛书) |
| ISBN 7-80022-237-3:¥1.60 |
| ● |
| 相关链接 |
|
|
|
|
正题名:养羊技术指导
索取号:S862/n1
 
预约/预借
| 序号 | 登录号 | 条形码 | 馆藏地/架位号 | 状态 | 备注 |
| 1 | 6601010 | 266010103 | 生命科学系资料室/ [索取号:S862/n1] | 在馆 |